Geography Six - Statistics

General Stats
  • This quiz has been taken 94 times
    75 since last reset
  • The average score is 14 of 23
Answer Stats
Hint Answer % Correct
3) The capital of Canada is? Ottawa
98%
2a) Name the 4 countries who's names start with 'BE' ? Belgium
94%
7) Which African city has the largest population (21+ million) Lagos
91%
4) What is the world's fifth most populous country? Brazil
83%
6) Which U.S. State borders only one other State? Maine
82%
b) Belize
80%
d) Benin
80%
c) Belarus
78%
16) What Island in the Irish Sea lies almost equally (within a few miles) between Scotland, England, Wales, N. Ireland and Ireland? The Isle of Man
74%
20) What is the nearest capital city to London at 200 miles (323km)? Brussels
68%
15) What is Indonesia's largest island in area? Sumatra
68%
12) In which continent is the 'Atlantic Forest'? South America
62%
14) Which US State shares the northern border of Illinois? Wisconsin
62%
13) 'Lilongwe' is the capital of which country ? Malawi
60%
17) The 'Witwatersrand' area of South Africa is renowned for the mining of which Mineral? Gold
52%
5) Which river is the main source of Lake Geneva (Lac Léman), entering near Villeneuve and draining the lake in Geneva city. River Rhone
48%
11) Which country's flag contains crossed keys? The Vatican
46%
8) What class of rock is an anagram of 'Steady Miner'? Sedimentary
45%
18) Rotorua City, famous for bubbling mud pools and a 30m-tall Geyser is in which country? New Zealand
43%
1) This famous 'tower' (pic.) is in which country? UK
42%
19) What is the smallest of Japan's four main islands? Shikoku
29%
9) What is the highest peak in Antarctica, at 4,892 metres (16,050 ft) Mount Vinson
17%
10) What is given as the most polluted river in the world (by World Atlas) ? Sarno River (Italy)
2%
No matching quizzes found
Score Distribution
Percent of People with Each Score
Percentile by Number Answered
Your Score History
You have not taken this quiz since the last reset